Livro magnético Natal (Registo nº 1877)

Detalhes MARC
000 -Etiqueta do registo
Cabeçalho 00868nam a22002891 4500
005 - Identificador da versão
Campo de controlo 20240813121918.0
010 ## - Número internacional normalizado dos livros (ISBN)
Número (ISBN) 9727569412
021 ## - Número do Depósito Legal
Código do país PT
Número 239595/06
100 ## - Dados gerais de processamento
Dados gerais de processamento 20070521d2006 bc y0pory5003 ba
102 ## - Pais de publicação ou produção
País de publicação Portugal
101 1# - Língua de publicação
Língua do texto, banda sonora, etc. Português
106 ## - Campo de dados codificados: material textual
Dados codificados do material textual r
105 ## - Campo de dados codificados: livros
Dados codificados dos livros a z 000zy
215 ## - Descrição física 
Indicação específica da natureza do documento e extensão da espécie [10] p.
Outras indicações físicas todo il.
Dimensões 32 cm
200 1# - Titulo e menção de responsabilidade
Título próprio Livro magnético Natal
Primeira menção de responsabilidade texto de Brenda Apsley
Outras menções de responsabilidade il. Jack Oatmon
210 ## - Publicação, Distribuição, etc. 
Lugar da edição, distribuição, etc. Sintra
Nome do editor, distribuidor, etc. Girassol
Data da publicação, distribuição, etc. D.L. 2006
300 ## - Notas gerais 
Texto da nota Não apropriado para crianças com menos de 36 meses. Contém peças pequenas.
327 1# - Nota de conteúdo 
Texto da nota Contém mais de 35 ímanes
606 ## - Nome comum usado como assunto
Número de registo de entrada de autoridade 0000001
Palavra de ordem Literatura estrangeira infantil
Subdivisão de assunto Conto
675 ## - Classificação Decimal Universal (CDU)
Notação 82-34
Edição
Língua da edição por
701 #1 - Nome de autor-pessoa física (co-responsabilidade principal)
Palavra de ordem Oatmon
Outra parte do nome não tomada para palavra de ordem Jack
Código de função Ilustrador / Técnico de desenho computorizado
700 #1 - Nome de autor-pessoa física (responsabilidade principal)
Número de registo de entrada de autoridade 0000433
Palavra de ordem Apsley
Outra parte do nome não tomada para palavra de ordem Brenda
942 ## - Elementos de entrada adicionados (Koha)
Tipo de item no Koha Livro
Exemplares
Situação do levantamento Origin of item (home branch) (coded) Biblioteca de empréstimo Código de barras Cota Circulation type (not for loan) Tipo de documento Nota do exemplar Damaged status
  Biblioteca Escolar da Coca Maravilhas Biblioteca Escolar da Coca Maravilhas BECM7838/07 8EST APS   Livro Sem mensagem